| 000 | 00000nam##2200000za#4500 |
| 001 | 9.601650 |
| 003 | CaOODSP |
| 005 | 20210624210156 |
| 007 | cr ||||||||||| |
| 008 | 150406|2009||||xxc|||||o f|0| 0 fre|d |
| 040 | |aCaOODSP|bfre |
| 043 | |an-cn--- |
| 086 | 1 |aYC32-0/402-3F-PDF |
| 110 | 1 |aCanada. |bParlement. |bSénat. |bComité sénatorial permanent des droits de la personne. |
| 245 | 10|aRapport du Comité sénatorial permanent des droits de la personne concernant la Loi sur l'équité dans la rémunération du secteur public : |h[ressource électronique]|btroisième rapport / |cL'honorable Raynell Andreychuk, présidente ; l'honorable Mobina S.B. Jaffer, vice-présidente. |
| 260 | |aOttawa - Ontario : |bSénat. |cJuin 2009. |
| 300 | |a27p.|bréférences |
| 490 | 1 |aRapport du Comité sénatorial permanent des Droits de la personne|v[40e législature, 2e session, 3e rapport] |
| 590 | |a11-12-Supp|b2011-07-29 |
| 775 | 08|tReport of the Standing Senate Committee on Human Rights re: the Public Sector Equitable Compensation Act : |w(CaOODSP)9.571007 |
| 830 | #0|aRapport du Comité sénatorial permanent des droits de la personne ;|v[40e législature, 2e session, 3e rapport]|w(CaOODSP)9.501651 |
| 856 | 40|ahttp://publications.gc.ca|qPDF|s289 Ko|uhttps://publications.gc.ca/collections/collection_2011/sen/yc32-0/YC32-0-402-3-fra.pdf|y[40e législature, 2e session, 3e rapport] |